| 000 | 00840nam a22002657a 4500 | ||
|---|---|---|---|
| 001 | 000009375 | ||
| 005 | 20200929161554.0 | ||
| 008 | 890601s1988 bo a 001 p spa | ||
| 010 | _a89815691 | ||
| 035 | _a(DLC) 89815691 | ||
| 040 |
_aDO-SdBNP _cDLC _dDLC |
||
| 082 |
_aB861.44 _bR621a, 1988 |
||
| 100 | 1 |
_aRiveros Tejada, Guillermo, _d1934- _924155 |
|
| 245 | 1 | 0 |
_aAnfora de signos : _bpoemas / _cGuillermo Riveros Tejada. |
| 250 | _a2a ed. | ||
| 260 |
_aBogotá : _bArte, _c1988. |
||
| 300 |
_aviii, 196 p. : _bil. ; _c23 cm. |
||
| 490 | 1 | _aPensadores latinoamericanos | |
| 590 | _aLa biblioteca posee 1 ejemplar autografiado por el autor | ||
| 650 | 4 |
_aPoesía boliviana _98665 |
|
| 650 | 4 |
_aLiteratura boliviana _98666 |
|
| 830 | 0 |
_aPensadores latinoamericanos _919437 |
|
| 910 | _aCatalogación por copia / LC | ||
| 049 | _aBNGR | ||
| 999 |
_c9135 _d9135 |
||